| 000 -LEADER |
| fixed length control field |
00331nam a2200145Ia 4500 |
| 008 - FIXED-LENGTH DATA ELEMENTS--GENERAL INFORMATION |
| fixed length control field |
240801s9999 xx 000 0 und d |
| 020 ## - INTERNATIONAL STANDARD BOOK NUMBER |
| International Standard Book Number |
70586128 |
| 082 ## - DEWEY DECIMAL CLASSIFICATION NUMBER |
| Item number |
NEL-E |
| 100 ## - MAIN ENTRY--PERSONAL NAME |
| Personal name |
NELSON E.W. |
| 245 #0 - TITLE STATEMENT |
| Title |
ENGINEERING MECHANICS STATICS AND DYNAMICS |
| 250 ## - EDITION STATEMENT |
| Edition statement |
5 |
| 260 ## - PUBLICATION, DISTRIBUTION, ETC. |
| Place of publication, distribution, etc. |
NEW DELHI |
| Date of publication, distribution, etc. |
2004 |
| 300 ## - PHYSICAL DESCRIPTION |
| Extent |
519 |
| 942 ## - ADDED ENTRY ELEMENTS (KOHA) |
| Koha item type |
Donated Books |